Statistics for Blood-My Chemical Romance

Click here to take the quiz!

General Stats

  • This quiz has been taken 185 times
  • The average score is 13 of 15

Answer Stats

HintAnswer% Correct
Well they encourage your complete ___________cooperation
99%
So give them _____, _____, gallons of the stuff!blood blood
98%
So give them _____, _____, _____.blood blood blood
98%
Give them all that they can drink and it will _____ __ ______never be enough.
97%
I gave you blood, blood, _______ of the stuff,gallons
94%
Grab a glass because there's going to be a _____!flood
92%
Send you roses when they think you need __ _____.to smile
92%
I can't control ______ because I don't know how,myself
91%
The doctors and the nurses they _____ __ so,adore me
85%
And they ____ __ for it honestly, I'll be here for a while.love me
84%
But it's really _____ _______ cause I'm such an awful f**k. (Oh thank you!)quite alarming
82%
I gave you all that ___ ___ _____ and it has never been enough.you can drink
77%
I gave you blood, blood, blood, I'm the kind of _____ ________ that you love!human wreckage
75%
They can fix me ______ with a bit of luck.proper
72%
A celebrated man amongst the _______.gurneys
67%

Score Distribution

Percentile by Number Answered

Percent of People with Each Score

Your Score History

You have not taken this quiz